000
00295nam a22001337a 4500
008
170301b xxu||||| |||| 00| 0 eng d
020
_a
9781550092134
041
_a
eng
080
_2
6 ED
_a
616,8 006
100
_a
6
101
_a
SHM
245
_a
CANCER MEDICINE
_c
KUFE.D..W
942
_2
udc
_c
BK
999
_c
6454
_d
6454